Recommendations of the committee on financial system research concerning the system of the bank of Japan and explantion

Saved in:
Bibliographic Details
Format: Book
Language:Undetermined
Published: Tokyo The Bank of Japan 1960
Subjects:
Tags: Add Tag
No Tags, Be the first to tag this record!
Institutions: Trung tâm Học liệu Trường Đại học Cần Thơ
LEADER 00484nam a2200157Ia 4500
001 CTU_79440
008 210402s9999 xx 000 0 und d
082 |a 382 
082 |b R311 
245 0 |a Recommendations of the committee on financial system research concerning the system of the bank of Japan and explantion 
260 |a Tokyo 
260 |b The Bank of Japan 
260 |c 1960 
650 |a Finance 
650 |z Japan 
980 |a Trung tâm Học liệu Trường Đại học Cần Thơ